The Law on obligations and conctracts (Record no. 347418)
[ view plain ]
| 000 -LEADER | |
|---|---|
| fixed length control field | 00291nam a2200109Ia 4500 |
| 008 - FIXED-LENGTH DATA ELEMENTS--GENERAL INFORMATION | |
| fixed length control field | 171205s9999 xx 000 0 und d |
| 020 ## - INTERNATIONAL STANDARD BOOK NUMBER | |
| International Standard Book Number | 9789712368257 |
| 100 ## - MAIN ENTRY--PERSONAL NAME | |
| Personal name | De Leon, Hector S. |
| 245 #4 - TITLE STATEMENT | |
| Title | The Law on obligations and conctracts |
| 260 ## - PUBLICATION, DISTRIBUTION, ETC. (IMPRINT) | |
| Name of publisher, distributor, etc | Rex Bookstore |
| Date of publication, distribution, etc | 2014 |
| 300 ## - PHYSICAL DESCRIPTION | |
| Extent | 494 pages |
| Withdrawn status | Lost status | Damaged status | Home library | Current library | Shelving location | Date acquired | Source of acquisition | Total Checkouts | Total Renewals | Full call number | Barcode | Checked out | Date last seen | Date checked out | Price effective from | Koha item type |
|---|---|---|---|---|---|---|---|---|---|---|---|---|---|---|---|---|
| College Library | College Library | Filipiniana Section | 12/05/2017 | Donation | 6 | 1 | KPM 810 .D346 2014 | c21059 | 03/16/2020 | 02/24/2020 | 02/24/2020 | 12/05/2017 | Books |